00546nam a2200145Ia 450000500170000000800410001710000300005824501120008826000140020030000110021465000330022594200070025899900170026595201180028220260328104252.0260328s9999||||xx |||||||||||||| ||und|| aDíaz Salazar, Francisco 0aPremio Corona Pro Habitat :b Por una Vivienda digna para Colombia (2006-2007) /cFrancisco Díaz Salazar bHorizonte a112 p. aVIVIENDA DE INTERÉS SOCIAL cBK c10277d10277 001040708GENaGPCbGPCcGENd2026-03-28i4418l0o728.2 D 5421 ap4418r2026-03-28 15:42:52t1w2026-03-28yBK